Pohádková logopedie : o veliké řepě /
Uloženo v:
| Hlavní autor: | |
|---|---|
| Další autoři: | |
| Médium: | E-kniha |
| Jazyk: | Czech |
| Vydáno: |
Praha :
Fragment,
2020
|
| Vydání: | 1. vydání |
| Témata: | |
| Tagy: |
Žádné tagy |
| LEADER | 02675nam a2200673 i 4500 | ||
|---|---|---|---|
| 001 | 311235 | ||
| 003 | CZ PrSKC | ||
| 005 | 20260601215702.0 | ||
| 007 | ta | ||
| 008 | 201014s2020 xr a a f 000 0 cze | ||
| 015 | |a cnb003258371 | ||
| 020 | |a 9788025348178 |q (brožováno) : |c Kč 129,00 | ||
| 035 | |a (OCoLC)1226360689 | ||
| 040 | |a OLA001 |b cze |d ABA001 |e rda | ||
| 072 | 7 | |a 376 |x Výchova a vzdělávání zvláštních skupin osob |2 Konspekt | |
| 072 | 7 | |a 0/9-053.2 |x Literatura pro děti a mládež (naučná) |2 Konspekt | |
| 080 | |a 373.2 |2 MRF | ||
| 080 | |a 81'233 |2 MRF | ||
| 080 | |a 159.955 |2 MRF | ||
| 080 | |a 159.946.4 |2 MRF | ||
| 080 | |a 376-056.264 |2 MRF | ||
| 080 | |a (0:82-34) |2 MRF | ||
| 080 | |a (076.1) |2 MRF | ||
| 080 | |a (0.053.2) |2 MRF | ||
| 100 | 1 | |a Šáchová, Irena, |d 1974- |7 xx0100567 |4 aut | |
| 245 | 1 | 0 | |a Pohádková logopedie : |b o veliké řepě / |c Irena Šáchová ; ilustrovala Eva Obůrková |
| 246 | 3 | 0 | |a O veliké řepě |
| 250 | |a 1. vydání | ||
| 264 | 1 | |a Praha : |b Fragment, |c 2020 | |
| 300 | |a 31 stran : |b ilustrace (převážně barevné) ; |c 30 cm + |e 2 nečíslované listy obrazových příloh s vystřihovánkami | ||
| 336 | |a text |b txt |2 rdacontent | ||
| 336 | |a statický obraz |b sti |2 rdacontent | ||
| 337 | |a bez média |b n |2 rdamedia | ||
| 338 | |a svazek |b nc |2 rdacarrier | ||
| 500 | |a Příloha všita uprostřed publikace | ||
| 521 | 8 | |a Pro děti od 4 let | |
| 650 | 0 | 7 | |a předškolní výchova |7 ph124887 |2 czenas |
| 650 | 0 | 7 | |a řečové dovednosti |7 ph128299 |2 czenas |
| 650 | 0 | 7 | |a rozvoj myšlení |7 ph135316 |2 czenas |
| 650 | 0 | 7 | |a grafomotorika |7 ph120600 |2 czenas |
| 650 | 0 | 7 | |a logopedie |7 ph117229 |2 czenas |
| 650 | 0 | 9 | |a preschool education |2 eczenas |
| 650 | 0 | 9 | |a speech ability |2 eczenas |
| 650 | 0 | 9 | |a development of thought |2 eczenas |
| 650 | 0 | 9 | |a graphomotorics |2 eczenas |
| 650 | 0 | 9 | |a speech therapy |2 eczenas |
| 655 | 7 | |a pohádky |7 fd133054 |2 czenas | |
| 655 | 7 | |a pracovní sešity |7 fd133116 |2 czenas | |
| 655 | 7 | |a publikace pro děti |7 fd133156 |2 czenas | |
| 655 | 9 | |a fairy tales |2 eczenas | |
| 655 | 9 | |a activity books |2 eczenas | |
| 655 | 9 | |a children's literature |2 eczenas | |
| 700 | 1 | |a Obůrková, Eva, |d 1967- |7 jo2002106253 |4 ill | |
| 900 | |a ABA001 |b 21 | ||
| 928 | 9 | |a Albatros Media - Fragment | |
| 044 | |a xr | ||
| 910 | |a RBIT002 | ||
| 998 | |d 208929 |a https://core.palmknihy.cz/api/books/208929/cover?si9o7w |b https://core.palmknihy.cz/api/books/208929/cover/400?si9o7w |c https://core.palmknihy.cz/api/books/208929/cover/50?si9o7w |e 2030-12-31 |g 36 |i 9788025348178 |k https://core.palmknihy.cz/api/books/208929/preview.pdf |l |q 49 |r 1 |s https://www.palmknihy.cz/kniha/208929 |t ebook |y 2020 |z 0 | ||
| 999 | |d 311233 | ||